000 00850nas a2200277 4500
001 BR2011006260
003 BR-BrBNA
005 20231205115655.0
007 ta
008 230509b bl.|||p| |||| 00| 00por d
040 _aBR-BrBNA
_bpor
_cBiblioteca Nacional de Agricultura
041 _a(Pt)
072 _aQ04
100 1 _aMamede, M.E. de O.
100 1 _aPerazzo, K.K.
100 1 _aMaciel, L.F.
100 1 _aCarvalho, L.D. de
245 1 _aAvaliação sensorial e química de café solúvel descafeinado
650 _aCAFÉ SOLÚVEL
650 _aANÁLISE ORGANOLÉPTICA
650 _aCOMPOSIÇÃO QUÍMICA
650 _aMÉTODO ESTATÍSTICO
773 0 _tAlimentos e Nutrição (Brazil)
_xISSN 0103-4235
_g(Apr-Jun 2010), v. 21(2) p. 311-324
_wBR2011006260
909 _a202311
_bLúcia
_c55
_dLúcia Elande
942 _2AGRIS
_n0
_cANA
999 _c215167
_d215167